[Event "POL-chT 1st League 2020"]
[Site "Ustron"]
[Date "2020.09.05"]
[Round "1.28"]
[White "Szyszylo, Rafal"]
[Black "Brodowski, Piotr"]
[Result "1-0"]
[WhiteElo "2188"]
[BlackElo "2446"]
[Annotator "TA"]
[PlyCount "79"]
[EventDate "2020.09.05"]
[EventType "team-tourn"]
[EventCountry "POL"]
[SourceTitle "playchess.com"]
[Source "ChessBase"]
[SourceQuality "1"]

{[%evp 19,79,0,7,0,7,4,23,31,72,70,59,26,25,22,18,21,18,0,0,0,189,202,224,214,266,195,225,122,147,97,105,84,189,186,170,191,288,287,300,282,293,298,305,235,5277,801,702,614,1092,1044,857,263,364,359,345,339,729,706,1618,1490,1005,960]} 1. e4 c5 2. Nf3 Nc6 3. Bb5 g6 4. O-O Bg7 5. c3 Nf6 6. Re1 O-O 7. d4 cxd4 8. cxd4 d5 9. e5 Ne4 10. Bxc6 bxc6 11. Be3 {B31: Sicilian: 2...Nc6 3 Bb5 g6.} Qb6 12. Qc1 Rb8 13. b3 {White has an edge.} Ba6 14. Nc3 {[#]} Rfc8 $146 ({Predecessor:} 14... f6 15. Nxe4 dxe4 16. d5 Qa5 17. Nd4 Qxd5 18. Qxc6 Bb7 19. Qe6+ Kh8 20. Rac1 f5 {0-1 (27) Nitin,S (2347)-Venkatesh,M (2501) Chennai 2020}) 15. Bh6 Nxc3 (15... Bxh6 $2 16. Qxh6 Nf6 17. Na4 $18) 16. Bxg7 Kxg7 ({Much less strong is} 16... Ne2+ 17. Rxe2 Bxe2 18. Qh6 $15) 17. Qxc3 c5 18. Qe3 c4 19. h4 h5 $2 (19... Qe6 $11 {and Black is okay.}) 20. Ng5 $1 $18 e6 21. Qf4 Rf8 22. Re3 Qd8 23. Rae1 (23. g4 $1 $18) 23... Qe7 24. Rh3 cxb3 25. axb3 Rbc8 (25... Bb5 $16) 26. g4 $1 hxg4 27. Qxg4 {Strongly threatening h5.} Qb4 (27... Rh8 {might work better.} 28. h5 Rh6) 28. Ra1 Qd2 29. h5 $1 {[%cal Rh5g6] And now hxg6 would win.} ({Stronger than} 29. Rxa6 Qe1+ 30. Kg2 Rc1 $11) 29... Rc1+ 30. Rxc1 Qxc1+ 31. Kh2 {Intending hxg6 and mate.} Qd2 $2 (31... Be2 32. Qg3 Qc2 33. hxg6 Qxg6) 32. Rf3 (32. Qh4 $142 gxh5 33. Nxe6+ $1 {[%mdl 512]} fxe6 34. Qe7+ {[%mdl 64] Double Attack} Kg6 35. Qxe6+ Kg5 36. Rg3+ Kf4 37. Qh6+ {[%mdl 64] Double Attack} Ke4 38. Qxd2) 32... Bd3 {[#]} 33. h6+ $1 {[%mdl 512]} Kg8 (33... Kxh6 34. Qh4+) 34. h7+ Kg7 35. Nxf7 $2 (35. Rf6) 35... Be2 {[#]} 36. Qf4 $1 {[%cal Rf4d2]} ({And not} 36. Qxe6 Bxf3 37. Qf6+ Kxh7 $11) 36... Qxf4+ 37. Rxf4 g5 $2 {[#]} (37... Kxh7 38. Ng5+ {[%mdl 64] Discovered Attack} Kg8 39. Nxe6 Rf7) 38. Nxg5 $1 {[%mdl 512] White threatens Rxf8 and mate.White is clearly winning.} Rxf4 39. Nxe6+ {[%mdl 64] Double Attack} Kxh7 40. Nxf4 {Accuracy: White = 72%, Black = 35%.} 1-0

[Event "POL-chT 1st League 2020"]
[Site "Ustron"]
[Date "2020.09.05"]
[Round "1.29"]
[White "Zawadzki, Stanislaw"]
[Black "Kucza, Karol"]
[Result "1-0"]
[WhiteElo "2435"]
[BlackElo "2285"]
[Annotator "TA"]
[PlyCount "73"]
[EventDate "2020.09.05"]
[EventType "team-tourn"]
[EventCountry "POL"]
[SourceTitle "playchess.com"]
[Source "ChessBase"]
[SourceQuality "1"]

{[%evp 10,73,16,0,0,-12,-6,-20,0,-6,14,-11,0,-8,14,0,0,-16,0,-19,-3,-12,-12,-10,0,2,7,-31,23,-54,-30,-31,0,-24,-30,-20,217,156,149,156,152,140,235,235,607,604,607,376,737,567,545,539,510,520,631,624,780,732,1202,1158,29992,29990,29997,29998,29998,29999]} 1. c4 e6 2. Nf3 d5 3. e3 Nf6 4. b3 Bd6 5. Bb2 O-O 6. Be2 b6 {A13: English Opening: 1...e6.} 7. d3 Bb7 8. Nbd2 Nbd7 {The position is equal.} 9. O-O Qe7 10. a3 c5 {[#]} 11. Re1 $146 ({Predecessor:} 11. Qc2 Rac8 12. Rac1 Rfd8 13. Qb1 d4 14. exd4 cxd4 15. Nxd4 Bxa3 16. Bxa3 Qxa3 17. b4 {½-½ (63) Li,C (2699)-Brown,M (2524) chess.com INT 2019}) 11... Rfd8 12. Qc2 Rac8 13. Rac1 h6 14. Nf1 Ng4 15. Ng3 dxc4 16. bxc4 Nge5 17. Nd2 Qh4 18. h3 (18. Nge4 {seems wilder.} Bb8 19. g3 Qh3 20. Bf1 Qh5 21. f4) 18... Nf6 ({Black should play} 18... Ng6 $15) 19. Ndf1 (19. Bxe5 $11 Bxe5 20. Bf3) 19... Bb8 20. Bc3 Rd7 21. Red1 Rcd8 22. f4 Neg4 $2 {[#] This move loses the game for Black.} (22... Ng6 $11) 23. Bxg4 Nxg4 24. hxg4 Qxg4 25. Rd2 g5 (25... f6 $16 26. Re1 f5) 26. Qd1 $18 Qh4 $2 (26... Qxd1 27. Rcxd1 f5) 27. Bf6 Re8 28. Qh5 e5 $2 (28... Qxh5 29. Nxh5 gxf4 30. exf4 Rf8) 29. fxg5 Qxh5 30. Nxh5 Kh7 31. e4 Kg6 32. g4 hxg5 33. Nfg3 Re6 34. Rf1 {[#] Rh2 would kill now.} Ba6 35. Rf5 {White mates.} Bxc4 36. Rxg5+ Kh7 37. Rh2 {Accuracy: White = 74%, Black = 50%.} 1-0

[Event "POL-chT 1st League 2020"]
[Site "Ustron"]
[Date "2020.09.05"]
[Round "1.30"]
[White "Czerwinska, Milena"]
[Black "Przezdziecka, Ewa"]
[Result "0-1"]
[WhiteElo "2010"]
[BlackElo "2166"]
[Annotator "ChessBase"]
[PlyCount "104"]
[EventDate "2020.09.05"]
[EventType "team-tourn"]
[EventCountry "POL"]
[SourceTitle "playchess.com"]
[Source "ChessBase"]
[SourceQuality "1"]
[TimeControl "40/5400+30:1800+30"]

1. e4 {[%emt 0:00:00]} c6 {[%emt 0:00:00]} 2. d4 {[%emt 0:00:00]} d5 {[%emt 0:00:00]} 3. Nd2 {[%emt 0:00:00]} dxe4 {[%emt 0:00:07]} 4. Nxe4 {[%emt 0:00:04]} Nf6 {[%emt 0:00:06]} 5. Nxf6+ {[%emt 0:00:27]} exf6 {[%emt 0:00:07]} 6. Bf4 {[%emt 0:02:45]} Bd6 {[%emt 0:03:54]} 7. Qd2 {[%emt 0:10:15]} Qe7+ {[%emt 0:10:28]} 8. Be3 {[%emt 0:03:58]} Bf5 {[%emt 0:07:33]} 9. Bd3 {[%emt 0:08:06]} Bxd3 {[%emt 0:03:57]} 10. Qxd3 {[%emt 0:00:47]} Na6 {[%emt 0:02:21]} 11. a3 {[%emt 0:05:28]} O-O {[%emt 0:04:52]} 12. Ne2 {[%emt 0:03:20]} Nc7 {[%emt 0:06:12]} 13. c4 {[%emt 0:22:16]} Rad8 {[%emt 0:10:54]} 14. Qc2 {[%emt 0:02:35]} Ne6 {[%emt 0:05:28]} 15. O-O {[%emt 0:00:47]} Bb8 {[%emt 0:04:56]} 16. Rfd1 {[%emt 0:16:11]} Rfe8 {[%emt 0:06:45]} 17. Rac1 {[%emt 0:04:27]} Ng5 {[%emt 0:07:02]} 18. Ng3 {[%emt 0:03:26]} g6 {[%emt 0:07:12]} 19. d5 {[%emt 0:04:07]} h5 {[%emt 0:05:44]} 20. h4 {[%emt 0:01:54]} Nh3+ {[%emt 0:09:17]} 21. gxh3 {[%emt 0:05:56]} Bxg3 {[%emt 0:00:06]} 22. fxg3 {[%emt 0:00:15]} Qxe3+ {[%emt 0:00:05]} 23. Qf2 {[%emt 0:00:15]} cxd5 {[%emt 0:01:51]} 24. cxd5 {[%emt 0:01:55]} Rxd5 {[%emt 0:01:52]} 25. Qxe3 {[%emt 0:01:08]} Rxd1+ {[%emt 0:00:05]} 26. Rxd1 {[%emt 0:00:20]} Rxe3 {[%emt 0:00:04]} 27. Kf2 {[%emt 0:01:21]} Rb3 {[%emt 0:00:17]} 28. Rd2 {[%emt 0:00:04]} f5 {[%emt 0:00:44]} 29. Kg2 {[%emt 0:00:17]} Kg7 {[%emt 0:00:14]} 30. Rc2 {[%emt 0:00:20]} Kf6 {[%emt 0:01:36]} 31. Re2 {[%emt 0:00:06]} Rd3 {[%emt 0:00:26]} 32. Kh2 {[%emt 0:01:01]} f4 {[%emt 0:01:04]} 33. Rf2 {[%emt 0:01:46]} Ke6 {[%emt 0:00:27]} 34. Re2+ {[%emt 0:00:47]} Re3 {[%emt 0:00:30]} 35. Rc2 {[%emt 0:00:18]} Rxg3 {[%emt 0:00:19]} 36. Rc4 {[%emt 0:00:33]} Rb3 {[%emt 0:00:16]} 37. Rxf4 {[%emt 0:00:17]} Rxb2+ {[%emt 0:00:08]} 38. Kg1 {[%emt 0:00:05]} Rb3 {[%emt 0:00:13]} 39. Ra4 {[%emt 0:00:08]} a6 {[%emt 0:00:23]} 40. Kg2 {[%emt 0:00:00]} Ke5 {[%emt 0:00:00]} 41. Kh2 {[%emt 0:00:25]} Rd3 {[%emt 0:06:18]} 42. Kg2 {[%emt 0:01:00]} Rd4 {[%emt 0:00:25]} 43. Ra5+ {[%emt 0:00:16]} Kf4 {[%emt 0:02:18]} 44. Rc5 {[%emt 0:00:18]} Rd2+ {[%emt 0:03:08]} 45. Kg1 {[%emt 0:00:28]} Kg3 {[%emt 0:00:36]} 46. Rc3+ {[%emt 0:00:08]} Kxh4 {[%emt 0:00:13]} 47. Rc7 {[%emt 0:00:09]} b5 48. Rxf7 {[%emt 0:00:09]} Rd3 {[%emt 0:01:58]} 49. Rf6 {[%emt 0:00:26]} Rxa3 {[%emt 0:00:09]} 50. Kg2 {[%emt 0:00:33]} g5 {[%emt 0:00:23]} 51. Rd6 {[%emt 0:00:24]} Ra2+ {[%emt 0:00:08]} 52. Kf3 {[%emt 0:00:10]} Kxh3 {[%emt 0:00:18]} 0-1

[Event "POL-chT 1st League 2020"]
[Site "Ustron"]
[Date "2020.09.06"]
[Round "2.1"]
[White "Kolago, Marcin"]
[Black "Maciejczak, Jakub"]
[Result "1/2-1/2"]
[WhiteElo "2342"]
[BlackElo "2371"]
[Annotator "TA"]
[PlyCount "90"]
[EventDate "2020.09.05"]
[EventType "team-tourn"]
[EventCountry "POL"]
[SourceTitle "playchess.com"]
[Source "ChessBase"]
[SourceQuality "1"]

{[%evp 11,90,16,9,18,15,14,12,8,16,14,25,25,36,34,27,0,0,0,72,58,56,56,52,52,74,50,127,125,154,156,161,156,133,121,165,145,160,122,164,75,100,80,86,76,77,72,83,52,49,49,72,57,60,40,40,37,47,7,7,-30,0,-21,0,0,0,0,0,0,0,-8,-8,-8,-8,-8,-8,-9,-8,-9,0,-14,0]} 1. c4 c5 2. Nc3 g6 3. g3 Bg7 4. Bg2 Nc6 5. e3 d6 6. Nge2 e5 7. Rb1 {A36: Symmetrical English vs ...g6: 4 Bg2 Bg7.} Nge7 8. a3 {[%cal Ba2a3,Ba3b4][%mdl 32]} Be6 9. Nd5 O-O 10. b4 cxb4 11. axb4 {[#]} Rc8 $146 ({Predecessor:} 11... Qd7 12. b5 Na5 13. Qa4 Bxd5 14. cxd5 b6 15. O-O Rfc8 16. Nc3 f5 17. Na2 e4 {1-0 (33) Wedberg,T (2556)-Nithander,V (2404) Sweden 2008}) 12. Nec3 f5 13. d3 (13. b5 $5 {[%cal Rb5c6]} Na5 14. Nxe7+ Qxe7 15. Nd5 $11) 13... e4 14. dxe4 Ne5 (14... Bxc3+ $11 15. Nxc3 Bxc4) 15. O-O $16 Nxc4 16. Nxe7+ Qxe7 17. Nd5 Qd7 18. Nf4 Bf7 {[#]} (18... fxe4 $1 $14 19. Bxe4 Bf7) 19. Bh3 $1 Rce8 20. exf5 gxf5 21. Qc2 Re5 22. Rd1 Qb5 23. Bf1 Qc6 24. Bd3 Qc8 25. Bxc4 (25. Ra1 $18) 25... Qxc4 26. Qxc4 Bxc4 27. Bb2 Rb5 28. Bxg7 Kxg7 29. Rxd6 a5 $1 30. Rd7+ Kg8 31. Rd4 (31. Rc7 {is more complex.} Bf7 32. Ne2 Ra8 33. Rd1 Bh5 34. Nc3) 31... Bf7 $1 32. Nd3 a4 33. Ra1 Ra8 $1 34. Ra3 {Threatens to win with Nc5.} Rd5 35. f3 b5 36. Kf2 {The position is equal.} Rad8 37. Rxd5 Bxd5 $11 {[%mdl 4096] Endgame KRB-KRN} 38. Nc5 {[#] And now Rd3 would win.} Bc4 39. Ke1 Kf7 40. h3 h5 41. Rc3 Ra8 42. Ra3 Rg8 43. Kf2 Rd8 44. Ke1 Rg8 45. Kf2 Rd8 {Black escapes into a draw. Accuracy: White = 80%, Black = 79%.} 1/2-1/2

[Event "POL-chT 1st League 2020"]
[Site "Ustron"]
[Date "2020.09.06"]
[Round "2.2"]
[White "Janaszak, Dawid"]
[Black "Wiewiora, Eneasz"]
[Result "1/2-1/2"]
[WhiteElo "2356"]
[BlackElo "2346"]
[Annotator "TA"]
[PlyCount "54"]
[EventDate "2020.09.05"]
[EventType "team-tourn"]
[EventCountry "POL"]
[SourceTitle "playchess.com"]
[Source "ChessBase"]
[SourceQuality "1"]

{[%evp 12,54,29,32,38,36,31,12,22,12,11,11,25,18,31,14,14,9,30,18,15,21,16,14,20,17,17,14,35,39,52,50,43,26,20,0,7,0,45,41,33,37,24,32,40]} 1. d4 d5 2. Nf3 Nf6 3. Bf4 c5 4. e3 Nc6 5. Nbd2 cxd4 6. exd4 Bg4 7. c3 e6 {B13: Caro-Kann: Exchange Variation and Panov-Botvinnik Attack.} 8. Qb3 Qc8 {8...Bd6 is more advanced technology.} 9. Be2 Be7 {The position is equal.} 10. O-O O-O 11. h3 Bh5 12. Rfe1 a6 13. a4 {[#]} Re8 $146 ({Predecessor:} 13... Bd8 14. Qd1 Bc7 15. Ne5 Bxe2 16. Qxe2 Nxe5 17. dxe5 Nd7 18. c4 f6 19. Nf3 fxe5 20. Bxe5 Rxf3 21. Bxc7 {½-½ (54) Hovhannisyan,K (2244)-Igonin,T (2474) Yerevan 2016}) 14. Bf1 Bg6 (14... Bd8 {is more complex.} 15. Bd3 Nd7 16. Qc2 Nf8 17. Bd6 Bg6) 15. Qa2 Ne4 16. Nxe4 Bxe4 17. Nd2 Bg6 18. a5 h6 19. b4 Bf6 20. Rac1 e5 21. dxe5 Nxe5 22. Bxe5 Bxe5 23. g3 Qc6 24. Bg2 Qf6 25. Qxd5 {And now Ne4 would win.} Bxc3 {[#] aiming for ...Rxe1+.} 26. Ne4 Bxe4 27. Rxe4 Rxe4 {Accuracy: White = 100%, Black = 95%.} 1/2-1/2

[Event "POL-chT 1st League 2020"]
[Site "Ustron"]
[Date "2020.09.06"]
[Round "2.4"]
[White "Szyszylo, Rafal"]
[Black "Klepek, Witold"]
[Result "0-1"]
[WhiteElo "2188"]
[BlackElo "2159"]
[Annotator "RC"]
[PlyCount "92"]
[EventDate "2020.09.05"]
[EventType "team-tourn"]
[EventCountry "POL"]
[SourceTitle "playchess.com"]
[Source "ChessBase"]
[SourceQuality "1"]
[TimeControl "40/5400+30:1800+30"]

1. e4 {[%emt 0:00:00]} e6 {[%emt 0:00:00]} 2. d4 {[%emt 0:00:00]} d5 {[%emt 0:00:00]} 3. e5 {[%emt 0:00:12]} c5 {[%emt 0:00:00]} 4. c3 {[%emt 0:00:18]} Nc6 {[%emt 0:00:00]} 5. Nf3 {[%emt 0:00:40]} Bd7 {[%emt 0:00:04]} 6. a3 {[%emt 0:00:58]} c4 {[%emt 0:00:05]} 7. g3 {[%emt 0:04:47]} Na5 {[%emt 0:00:12]} 8. Nbd2 {[%emt 0:00:10]} Bc6 {[%emt 0:00:07]} 9. Bg2 {[%emt 0:00:37]} Qd7 {[%emt 0:00:17]} 10. O-O {[%emt 0:01:04]} Ba4 {[%emt 0:00:30]} 11. Qe2 {[%emt 0:00:31]} O-O-O {[%emt 0:00:13]} 12. Ne1 {[%emt 0:06:49]} Kb8 {[%emt 0:07:53]} 13. f4 {[%emt 0:02:09]} Ne7 {[%emt 0:04:08]} 14. Rf2 {[%emt 0:04:27]} Nec6 {[%emt 0:09:54]} 15. Nf1 {[%emt 0:03:38]} Nb3 {[%emt 0:02:48]} 16. Rb1 {[%emt 0:00:58]} Ncxd4 {[%emt 0:26:47]} 17. cxd4 {[%emt 0:00:08]} Nxd4 {[%emt 0:00:03]} 18. Qh5 {[%emt 0:09:55]} g6 {[%emt 0:00:52]} 19. Qh3 {[%emt 0:00:07]} Nb3 {[%emt 0:01:55]} 20. Rf3 {[%emt 0:38:44]} Bc5+ {[%emt 0:04:07]} 21. Kh1 {[%emt 0:01:38]} Qb5 {[%emt 0:07:59]} 22. Bd2 {[%emt 0:15:34]} d4 {[%emt 0:02:50]} 23. g4 {[%emt 0:00:12]} d3 {[%emt 0:04:05]} 24. f5 {[%emt 0:03:28]} Nd4 {[%emt 0:00:57]} 25. fxe6 {[%emt 0:04:52]} Nxf3 {[%emt 0:01:30]} 26. Nxf3 {[%emt 0:00:19]} fxe6 {[%emt 0:00:29]} 27. Bc3 {[%emt 0:00:40]} Qa6 {[%emt 0:05:14]} 28. N1d2 {[%emt 0:00:06]} Bc6 {[%emt 0:00:30]} 29. Ng5 {[%emt 0:00:35]} Rdf8 {[%emt 0:00:51]} 30. Nge4 {[%emt 0:00:40]} Be7 {[%emt 0:00:40]} 31. Nf6 {[%emt 0:00:26]} g5 {[%emt 0:03:33]} 32. Bxc6 {[%emt 0:00:40]} Qxc6+ {[%emt 0:00:02]} 33. Qg2 {[%emt 0:00:19]} Rc8 {[%emt 0:01:41]} 34. Re1 {[%emt 0:00:23]} h6 {[%emt 0:01:20]} 35. Re4 {[%emt 0:00:53]} b5 {[%emt 0:00:13]} 36. Qf2 {[%emt 0:00:32]} Bc5 {[%emt 0:00:26]} 37. Bd4 {[%emt 0:00:19]} Rhd8 {[%emt 0:01:21]} 38. Bxc5 {[%emt 0:00:14]} Qxc5 {[%emt 0:00:03]} 39. Qf3 {[%emt 0:00:49]} c3 {[%emt 0:01:31]} 40. bxc3 Qxc3 {[%emt 0:00:00]} 41. Rb4 {[%emt 0:16:26]} Qc1+ {[%emt 0:01:44]} 42. Nf1 {[%emt 0:00:05]} a6 {[%emt 0:01:12]} 43. Ne4 {[%emt 0:04:18]} d2 {[%emt 0:01:56]} 44. Qf2 {[%emt 0:00:34]} Qxf1+ {[%emt 0:01:14]} 45. Qxf1 {[%emt 0:00:41]} d1=Q {[%emt 0:00:06]} 46. Kg2 {[%emt 0:04:45]} Rc2+ {[%emt 0:00:29]} 0-1

[Event "POL-chT 1st League 2020"]
[Site "Ustron"]
[Date "2020.09.06"]
[Round "2.5"]
[White "Sapeta, Robert"]
[Black "Kucza, Karol"]
[Result "0-1"]
[WhiteElo "1882"]
[BlackElo "2285"]
[Annotator "TA"]
[PlyCount "82"]
[EventDate "2020.09.05"]
[EventType "team-tourn"]
[EventCountry "POL"]
[SourceTitle "playchess.com"]
[Source "ChessBase"]
[SourceQuality "1"]

{[%evp 17,82,-20,-17,-47,-46,-84,-87,-113,-99,-106,-106,-108,-79,-79,-82,-90,-83,-86,-97,-105,-71,-78,-71,-159,-48,-40,-7,-10,-8,-100,-89,-151,-151,-151,-151,-151,-151,-115,-79,-91,-106,-241,-218,-450,-441,-497,-490,-644,-641,-587,-614,-816,-810,-787,-794,-769,-769,-769,-759,-757,-750,-1166,-1160,-1104,-1090,-1023,-1017]} 1. e4 e5 2. Nf3 Nc6 3. Bb5 a6 4. Bxc6 dxc6 5. d4 exd4 6. Qxd4 Qxd4 7. Nxd4 Bd7 8. Be3 O-O-O 9. Nd2 c5 10. N4b3 {C68: Ruy Lopez: Exchange Variation, sidelines.} b6 $1 11. a4 a5 12. O-O {Black is better.} Re8 13. Rfe1 {[#]} g6 $146 ({Predecessor:} 13... Bd6 14. Nc1 f5 15. exf5 Bxf5 16. Nd3 Nf6 17. Nc4 Nd5 18. Bd2 Be7 19. Rad1 Bf6 {0-1 (43) Ruiz Planas,A (1753)-Villar Reymundo,J (2185) Santa Eulalia de Roncana 2018}) 14. Bf4 Bg7 15. Nc4 Ne7 16. Be5 f6 17. Bg3 Nc6 18. c3 f5 19. Nbd2 Bh6 {...f4 is the strong threat.} 20. f3 {[#]} (20. exf5 $142 Bxf5 21. Ne3) 20... Be6 (20... f4 $1 $17 {[%cal Rf4g3]} 21. Bf2 Kb7) 21. exf5 $15 Bxf5 22. Ne4 Re6 23. h4 (23. Re2 $11 {keeps the balance.}) 23... Rhe8 $17 24. Ng5 (24. Kf2 $142) 24... Rxe1+ 25. Rxe1 Rxe1+ 26. Bxe1 {[#]} Bxg5 $1 27. hxg5 {[%mdl 4096] Endgame KBN-KBN} Bc2 28. Ne3 Bxa4 29. Nd5 {Now White is beyond hope.} (29. Kf2 $17) 29... Ne5 $19 30. Nf6 $2 (30. Nf4) 30... Nd3 $1 {[%csl LRb2,LRe1] Black is clearly winning.} 31. Bd2 Nxb2 32. Nxh7 Nc4 33. Bc1 Bc2 34. g4 a4 35. f4 a3 36. Bxa3 Nxa3 37. Nf8 Nc4 38. f5 Ne5 39. Kf1 gxf5 40. g6 fxg4 41. g7 Bb3 {Accuracy: White = 38%, Black = 76%.} 0-1

[Event "POL-chT 1st League 2020"]
[Site "Ustron"]
[Date "2020.09.06"]
[Round "2.6"]
[White "Czerwinska, Milena"]
[Black "Marcinczyk, Monika"]
[Result "1/2-1/2"]
[WhiteElo "2010"]
[BlackElo "1934"]
[Annotator "TA"]
[PlyCount "82"]
[EventDate "2020.09.05"]
[EventType "team-tourn"]
[EventCountry "POL"]
[SourceTitle "playchess.com"]
[Source "ChessBase"]
[SourceQuality "1"]

{[%evp 19,82,29,43,29,31,11,38,29,31,7,40,0,0,2,27,0,9,-11,0,-12,0,-41,0,7,25,33,7,8,51,0,0,0,0,0,0,0,0,-17,-9,-26,34,0,0,0,0,0,55,55,55,56,58,46,70,9,10,-24,50,-22,-31,-24,0,0,0,-25,0]} 1. e4 c5 2. Nf3 Nc6 3. d4 cxd4 4. Nxd4 g6 5. Nc3 Bg7 6. Be3 Nf6 7. Bc4 Qa5 8. O-O O-O 9. Bb3 d6 10. h3 Bd7 11. Nf3 {B35: Sicilian: Accelerated Dragon with 5 Nc3: main line.} Rfd8 {[#]} 12. Qe2 $146 ({Predecessor:} 12. Re1 Ne5 13. Nxe5 dxe5 14. Qe2 Bc6 15. Rad1 e6 16. Bg5 Rd4 17. Qf3 Nd7 18. Be3 Rxd1 19. Rxd1 {½-½ (48) Milliet,S (2421)-Setyaki,A (2005) Jakarta 2012}) 12... Ne5 13. Rad1 {White is slightly better.} Bc6 14. Bf4 Nh5 15. Bxe5 Bxe5 16. Nxe5 Qxe5 17. Qc4 e6 18. Qd4 Qg5 19. Rd3 b5 20. a3 a5 (20... e5 {keeps more tension.} 21. Qe3 Nf4 22. Qf3 Nxd3 23. Qxf7+ Kh8) 21. Ne2 Qc5 (21... e5 {feels hotter.} 22. Qe3 Qxe3 23. Rxe3 b4 24. axb4 axb4 25. Rd1 Bb5) 22. Rfd1 {[#] Strongly threatening Qxc5.} Rdc8 23. c3 Qxd4 24. Rxd4 (24. Nxd4 $14 a4 25. Nxc6 Rxc6 26. Bc2) 24... Nf6 $11 25. f3 d5 {[%cal Rd5e4]} 26. e5 Nd7 27. f4 Rab8 28. Nc1 Nc5 29. Bc2 Rc7 (29... Be8 $11) 30. Nd3 Ne4 31. Nf2 {[%cal Rf2e4]} Ng3 {And now ...Ne2+ would win.} 32. Bd3 Rcb7 (32... b4 $11) 33. Kh2 $14 Nh5 34. g4 Ng7 35. Rc1 Bd7 36. b4 ({White should try} 36. Kg3 $14) 36... axb4 37. cxb4 Ra8 (37... Ra7 $11) 38. Rc3 (38. Ne4 $1 $14) 38... Rba7 $11 39. Rc5 Rb7 40. Rc3 Rba7 41. Rc5 $1 Rb7 {Accuracy: White = 77%, Black = 74%.} 1/2-1/2

[Event "POL-chT 1st League 2020"]
[Site "Ustron"]
[Date "2020.09.06"]
[Round "2.7"]
[White "Ponizil, Cyril"]
[Black "Kuzmicz, Krystian"]
[Result "0-1"]
[WhiteElo "2507"]
[BlackElo "2468"]
[Annotator "TA"]
[PlyCount "142"]
[EventDate "2020.09.05"]
[EventType "team-tourn"]
[EventCountry "POL"]
[SourceTitle "playchess.com"]
[Source "ChessBase"]
[SourceQuality "1"]

{[%evp 9,142,0,10,9,10,10,30,25,27,17,21,16,17,13,39,34,31,0,0,5,8,-1,0,-13,-4,-4,-16,-8,-12,-27,-13,-63,-57,-90,-31,-82,-68,-102,-89,-145,-150,-133,-91,-104,0,-126,-91,-148,-125,-147,0,0,0,-117,-63,-75,0,0,0,-79,-88,-113,-113,-113,-108,-146,-164,-248,-102,-233,-202,-192,0,-187,-176,-273,-277,-325,-325,-318,-318,-297,-230,-214,-230,-294,-294,-267,-276,-320,-294,-318,-302,-321,-310,-308,-294,-294,-292,-285,-273,-685,-664,-661,-623,-857,-926,-922,-928,-806,0,-801,-649,-795,-770,-899,-891,-842,-830,-1830,-1916,-4133,-1603,-2605,-11093,-6648,-5718,-29983,-29984,-29984,-29985,-29985,-29986,-29986,-29987]} 1. e4 e6 2. d4 d5 3. e5 c5 4. c3 Qb6 5. a3 Bd7 6. b4 {C02: French: Advance Variation.} cxd4 7. cxd4 Bb5 (7... Nc6 {is more complex.} 8. Nf3 Rc8 9. Bb2 Nge7 10. Bd3 Na5) 8. Bxb5+ {White has an edge.} Qxb5 9. Nc3 Qc6 {[#]} 10. Bd2 $146 ({Predecessor:} 10. Nge2 Nd7 11. b5 Qc7 12. a4 Nb6 13. a5 Nc4 14. Qa4 Qd7 15. O-O Rc8 16. Re1 {½-½ (44) Miljanic,B (2370)-Pejovic,J (2190) Niksic 2016}) 10... Nd7 11. Na4 Nb6 12. Nxb6 Qxb6 13. Rc1 Ne7 ({Much worse is} 13... Qxd4 14. Qa4+ Kd8 15. Nf3 $16) 14. Ne2 Nc6 15. O-O Be7 16. Be3 a5 $36 {[%mdl 2048] Black is more active.} 17. Qa4 O-O {[%cal Ra5b4]} 18. b5 Na7 19. Rb1 Rfc8 20. Rfc1 Rxc1+ 21. Nxc1 Qd8 (21... Nc8 $1 $17 {Hoping for ...Qc7.} 22. Nd3 Qd8) 22. Nd3 (22. Qb3 $15) 22... Nc8 $1 $17 23. Qb3 a4 $1 {[%cal Ra4b3]} 24. Qc3 (24. Qd1 $142) 24... Nb6 25. Nc5 Rc8 26. Qa5 Ra8 27. Qc3 $1 Qc8 28. Rb4 ({Better is} 28. Qc2) 28... h6 29. g3 Kf8 (29... Qe8 $17 30. Qc2 Ra5) 30. Qd3 $11 {Black should prevent Qh7.} Kg8 31. h4 (31. Qc3 $1 $11) 31... h5 (31... Qe8 $17 32. Qd1 Rc8 33. Nxa4 Nc4) 32. Qc3 g6 (32... Bf8 $17) 33. Bg5 $1 {[%cal Rg5e7]} Bf8 34. Qf3 (34. g4 $11 {remains equal.}) 34... Nc4 $1 $17 35. Rxa4 Rxa4 36. Nxa4 Nxa3 37. b6 Nc2 38. Qd1 (38. Qd3 {was called for.}) 38... Qc6 (38... Qc4 $1 $19 {[%cal Rc4a4]} 39. Nc5 Bxc5 40. dxc5 Qxc5) 39. Nb2 {[#]} (39. Nc5 $17 {was the only defense.} Nxd4 40. Nxb7 Qxb6 41. Be3) 39... Qc3 $1 $19 {[%cal Rc3b2]} 40. Na4 Qc6 41. Nb2 Ba3 42. Nd3 (42. Qf3 $142) 42... Nxd4 43. Nf4 Qc1 ({Not} 43... Qxb6 {[#]} 44. Nxg6 $1 {[%mdl 512]} fxg6 45. Qd3 $17) 44. Qxc1 Bxc1 {[%mdl 4096] Endgame KBN-KBN} 45. Nd3 Ba3 46. Be3 Nb3 47. Kf1 d4 48. Bg5 Nc5 49. Nf4 Nd7 50. Nd3 Nxb6 51. Ke2 Nd7 52. f3 Nc5 53. Nf4 Bb2 54. Be7 b6 {[%cal Bb7b6,Bb6b5][%mdl 32]} 55. Nd3 $2 (55. Bd8) 55... Nxd3 56. Kxd3 {KB-KB} Bc3 57. g4 b5 58. Bc5 Be1 59. Be7 Bc3 $2 ({Black should try} 59... b4 $19 60. Kc4 f5 61. gxh5 gxh5) 60. Bd6 $2 {[%mdl 8192]} (60. Bc5 $11) 60... Kh7 61. Be7 Kg7 62. Bc5 f6 63. Bd6 Kf7 64. exf6 Kxf6 65. Bg3 b4 66. Kc4 e5 67. Bf2 Ke6 68. Bg3 hxg4 {[%mdl 64] Overworked Piece. Black mates.} 69. fxg4 e4 70. h5 gxh5 71. gxh5 d3 {Accuracy: White = 51%, Black = 81%.} 0-1